01129cam a22003377a 45000010005000000030006000050050017000110080041000280100017000690200025000860200022001110350024001330400035001570420014001920500023002060820014002291000025002432450058002682600038003263000039003644900028004034900033004315000020004645200094004845210020005786000056005986500035006546500034006896500031007236500037007543962FISKH20240528113352.0100325s2010 nyua j 001 1 eng d a 2010292276 a9780756657703 (pbk.) a0756657709 (pbk.) a(OCoLC)ocn501331720 aIFAcIFAdOCLCAdC#LdDLCbeng alccopycat00aPZ7.T233bFre 201000a[Fic]2231 aTeitelbaum, Michael.10aFriends and enemies /cwritten by Michael Teitelbaum. aNew York :bDK Publishing,c2010. a48 pages :billustrations ;c23 cm0 aThe Invincible Iron Man0 aDK readers. 3, Reading alone aIncludes index. aMeet the friends who help Iron Man, and read about the enemies who want to take him down!8 a920bLexile NC 00aIron Manc(Fictitious character)vJuvenile fiction. 0aSuperheroesvJuvenile fiction. 0aFriendshipvJuvenile fiction. 0aEnemiesvJuvenile fiction. 0aGood and evilvJuvenile fiction.